00251nam a2200097Ia 4500008004100000100001600041245003500057260003500092300000800127650001800135191201s2016 xx 000 0 und d aJOHAR, K.L. 0aRelevance of Subhas Bose Today aN. DelhibSneh Prakashanc2016 a466 aGeneral Books